000 004310000a22001690004500
041 0 _aENG
082 0 4 _aG 266 N411c
100 1 _aNeill, Stephen C. (1900- 1984)
245 1 0 _aCall to mission / Stephen Neill
260 _aPhiladelphia, PA., USA : Fortress
300 _a113 Pag
001 7283
942 _cBK
999 _c37499
_d37499
336 _atexto
_btxt
_2rdacontent
337 _2rdamedia
_asin mediación
_bn
338 _2rdacarrier
_avolumen
_bnc